| 000 | 01595nam a22003737ia4500 | ||
|---|---|---|---|
| 999 |
_c174408 _d174408 |
||
| 003 | PPAK | ||
| 005 | 20191013120152.0 | ||
| 008 | 190922t20192019mnua b |||| 000 0 eng d | ||
| 020 |
_a9781496577498 _cRM34.20 _qpaperback |
||
| 040 |
_aPPAK _beng _cPPAK _erda |
||
| 082 | 0 | 4 |
_223 _a621.9 |
| 090 | 0 | 0 |
_a621.9 _bMIL _dK |
| 100 | 1 |
_aMiller, Shannon McClintock, _eauthor. |
|
| 245 | 1 | 2 |
_aA 3-D PRiNTiNG MiSSiON / _cWRITTEN BY SHANNON MCCLINTOCK MILLER AND BLACK HOENA ; ILLUSTRATED BY ALAN BROWN |
| 264 | 1 |
_aNorth Mankato, Minnesota : _bSTONE ARCH BOOKS , _c[2019] |
|
| 264 | 4 | _c© 2019 | |
| 300 |
_a32 pages : _bcolour illustrations ; _c23 cm |
||
| 336 |
_2rdacontent _atext |
||
| 337 |
_2rdamedia _aunmediated |
||
| 338 |
_2rdacarrier _avolume |
||
| 490 | 1 | _aADVENTURES iN MAKERSPACE | |
| 500 | _a"A 4D book"--Back cover. | ||
| 505 |
_tMeet the specialist - _tMeet the students -- _tA cool surprise -- _tFairy tale forest -- _tThe real world. |
||
| 520 | _aWhen you have a problem, where can you go for answers? The library! When Matt and his friends join Ms. Gillian, the specialist, on another adventure in makerspace, they find themselves in a fairy-tale world. Can they build their way out? | ||
| 521 | 1 | _aAges 8-10 | |
| 650 | 1 | 0 |
_aThree-dimensional printing _vJuvenile literature |
| 650 | 2 | 0 |
_aMakerspaces _vJuvenile literature |
| 650 | 2 | 0 |
_aThree-dimensional printing _vComic books, strips |
| 650 | 2 | 0 |
_aMakerspace _vComic books, strips |
| 700 | 1 |
_aHoena, Blake, _eauthor. |
|
| 700 | 1 |
_aBrown, Alan, _eillustrator. |
|
| 830 | 0 | _aAdventures in makerspace | |
| 942 |
_2ddc _cB |
||